logo

Bir Sreshtho Munshi Abdur Rouf Library
Jhenaidah Cadet College

Pupil personnel services in American schools / (Record no. 7718)

MARC details
000 -LEADER
fixed length control field 00769cam a22002531 4500
001 - CONTROL NUMBER
JCCL Control Number 7718
003 - CONTROL NUMBER IDENTIFIER
JCCL marc code BD-JhCC
005 - DATE AND TIME OF LATEST TRANSACTION
control field 20181007084510.0
008 - FIXED-LENGTH DATA ELEMENTS--GENERAL INFORMATION
fixed length control field 760116s1962 xx 000 0 eng
035 ## - SYSTEM CONTROL NUMBER
system control number (BD-JhCC)7718
035 ## - SYSTEM CONTROL NUMBER
system control number (OCoLC)1930531
040 ## - CATALOGING SOURCE
Original cataloging agency DLC
Transcribing agency TxShA
Modifying agency DLC
-- BD-JhCC
041 ## - LANGUAGE CODE
Language code of Book eng
050 00 - LIBRARY OF CONGRESS CALL NUMBER
Classification number LB1027.5
Item number .A69 1962
082 ## - DEWEY DECIMAL CLASSIFICATION NUMBER
Classification number 371./422
Author mark and Year ARB 1962
100 1# - MAIN ENTRY--PERSONAL NAME
Personal name Arbuckle, Dugald Sinclair,
Dates associated with a name 1912-
245 10 - TITLE STATEMENT
Title Pupil personnel services in American schools /
Statement of responsibility, etc Dugald Sinclair Arbuckle,
260 ## - PUBLICATION, DISTRIBUTION, ETC. (IMPRINT)
Place of publication, distribution, etc Boston,
Name of publisher, distributor, etc Allyn and Bacon,
Date of publication, distribution, etc 1962.
300 ## - PHYSICAL DESCRIPTION
Pagination 419 p.
Other physical details illus.
Dimensions 24 cm.
500 ## - GENERAL NOTE
General note Revision of Guidance and counseling in the classroom, published in 1957.
650 #0 - SUBJECT ADDED ENTRY--TOPICAL TERM
Topical term or geographic name as entry element Educational counseling.
942 ## - ADDED ENTRY ELEMENTS (KOHA)
Source of classification or shelving scheme Dewey Decimal Classification
Koha item type Books
Holdings
Source of classification or shelving scheme Damaged status Not for loan Home library Current library Shelving location Total Checkouts Full call number Barcode Date last seen Copy number Koha item type
Dewey Decimal Classification     JCC Rouf Library JCC Rouf Library General Stacks   371./422 ARB 1962 960 02/13/2018 C -1 Books

JCC Library | Contacts | JCC Home

Last Update on 23 September 2017
Copyright @ 2017-2020 JCC Rouf Library
Rouf Library, Jhenidah Cadet College (JCC), Bangladesh